000 00548nam a2200157 i 4500
001 39519
003 ES-MaACL
005 20230906160019.0
007 t|
008 030303s1970 sp ||||1| spa d
100 1 _aCano de Gardoqui García, José Luis.
_934544
245 1 0 _aTensiones hispanofrancesas en el siglo XVIII
_b: "la conspiración de Biron" (1602) /
_cJosé Luis Cano de Gardoqui.
260 _aValladolid :
_bUniversidad, Facultad de Filosofía y Letras,
_c1970.
300 _a173 p. ;
_c22 cm.
852 _aES-MaACL
_jC-38477
_bR.73732
999 _c39519
_d39519